| Tag |
First Indicator |
Second Indicator |
Subfields |
| LEADER |
00000cam a2200000Ia 4500 |
| 001 |
in00002471021 |
| 005 |
20210727074011.0 |
| 006 |
m d |
| 007 |
cr cn||||||||| |
| 008 |
080226s2007 ne a sb 011 0 eng d |
| 020 |
|
|
|a 1402053371
|
| 020 |
|
|
|a 9781402053375
|
| 035 |
|
|
|a (OCoLC)209945889
|
| 035 |
|
|
|a (OCoLC)ocn209945889
|
| 035 |
|
|
|a 3067183
|
| 037 |
|
|
|a 978-1-4020-5336-8
|b Springer
|n http://www.springerlink.com
|
| 040 |
|
|
|a GW5XE
|c GW5XE
|d OCLCG
|d UtOrBLW
|
| 049 |
|
|
|a TEFA
|
| 050 |
1 |
4 |
|a QH541.15.M3
|b F76 2007eb
|
| 082 |
0 |
4 |
|a 577.01/5118
|2 22
|
| 245 |
0 |
0 |
|a From energetics to ecosystems :
|b the dynamics and structure of ecological systems /
|c edited by N. Rooney, K.S. McCann and D.L.G. Noakes.
|
| 264 |
|
1 |
|a Dordrecht :
|b Springer,
|c [2007]
|
| 264 |
|
4 |
|c ©2007
|
| 300 |
|
|
|a xix, 265 pages :
|b illustrations ;
|c 25 cm.
|
| 336 |
|
|
|a text
|b txt
|2 rdacontent
|
| 337 |
|
|
|a computer
|b c
|2 rdamedia
|
| 338 |
|
|
|a online resource
|b cr
|2 rdacarrier
|
| 490 |
1 |
|
|a Peter Yodzis fundamental ecology series
|
| 500 |
|
|
|a Electronic resource.
|
| 504 |
|
|
|a Includes bibliographical references and index.
|
| 533 |
|
|
|a Electronic reproduction.
|b New York :
|c Springer,
|d 2008.
|n Mode of access: World Wide Web.
|n System requirements: Web browser.
|n Title from title screen (viewed on Jan. 30, 2008).
|n Access may be restricted to users at subscribing institutions.
|
| 650 |
1 |
7 |
|a Ecosystemen.
|2 gtt
|
| 650 |
1 |
7 |
|a Energie (exacte wetenschappen)
|2 gtt
|
| 650 |
1 |
7 |
|a Voedselketens.
|2 gtt
|
| 650 |
|
0 |
|a Biotic communities.
|0 http://id.loc.gov/authorities/subjects/sh85014266
|
| 650 |
|
0 |
|a Ecology
|x Mathematical models.
|0 http://id.loc.gov/authorities/subjects/sh2008102528
|
| 650 |
|
0 |
|a Food chains (Ecology)
|0 http://id.loc.gov/authorities/subjects/sh85050265
|
| 655 |
|
7 |
|a Electronic books.
|2 local
|
| 700 |
1 |
|
|a McCann, K. S.
|q (Kevin S.)
|
| 700 |
1 |
|
|a Noakes, David L. G.
|0 http://id.loc.gov/authorities/names/n81151193
|
| 700 |
1 |
|
|a Rooney, N.
|q (Neil)
|
| 700 |
1 |
|
|a Yodzis, Peter,
|d 1943-2005.
|0 http://id.loc.gov/authorities/names/n78061035
|
| 710 |
2 |
|
|a SpringerLink (Online service)
|0 http://id.loc.gov/authorities/names/no2005046756
|
| 776 |
1 |
|
|c Original
|z 1402053363
|z 9781402053368
|z 1402053371
|z 9781402053375
|w (DLC) 2007277302
|w (OCoLC)85267416
|
| 830 |
|
0 |
|a Peter Yodzis fundamental ecology series.
|0 http://id.loc.gov/authorities/names/no2007041341
|
| 856 |
4 |
0 |
|u http://proxy.library.tamu.edu/login?url=https://dx.doi.org/10.1007/978-1-4020-5337-5
|z Connect to the full text of this electronic book
|t 0
|
| 994 |
|
|
|a C0
|b TEF
|
| 999 |
|
|
|a MARS
|
| 999 |
f |
f |
|s 05fcab4f-6098-3e58-9415-6942fd282ed9
|i 21134900-0113-3d6d-adf8-c6d4cb519cdc
|t 0
|
| 952 |
f |
f |
|a Texas A&M University
|b College Station
|c Electronic Resources
|d Available Online
|t 0
|e QH541.15.M3 F76 2007eb
|h Library of Congress classification
|
| 998 |
f |
f |
|a QH541.15.M3 F76 2007eb
|t 0
|l Available Online
|